Score 0/30 Timer 04:00
1 Play Today
Best Picture-Losing Oscar Missing Word % Correct
It's a Wonderful ____ Life
97.3%
A Few Good ____ Men
96.8%
Little ____ SunshineMiss
96.7%
To ____ a MockingbirdKill
96.5%
Raiders of the ____ ArkLost
95.6%
The Grapes of ____ Wrath
95.2%
A Streetcar Named ____ Desire
94.1%
Mad ____: Fury RoadMax
94.1%
The Diary of ____ FrankAnne
94.1%
Apocalypse ____ Now
94.1%
Four ____ and a FuneralWeddings
93.6%
The ____ MontyFull
90.1%
Who's ____ of Virginia Woolf?Afraid
87.3%
Coal Miner's ____ Daughter
86.7%
____ UnchainedDjango
85.5%
Best Picture-Losing Oscar Missing Word % Correct
The ____ NetworkSocial
84.4%
Dallas ____ ClubBuyers
84.2%
Lost in ____ Translation
82.3%
Mr. ____ Goes to WashingtonSmith
81.7%
____ MountainBrokeback
78.1%
A ____ to ArmsFarewell
77.1%
A Passage to ____ India
76.9%
Doctor ____ Zhivago
76.9%
The ____ InfernoTowering
72.4%
The ____ SideBlind
72.2%
____ HolidayRoman
71.8%
The ____ of TidesPrince
71%
The ____ Picture ShowLast
66%
Dangerous ____ Liaisons
53.6%
An ____ WomanUnmarried
18.8%

Today's Daily Dose

Remove Ads.
Support Sporcle.
Get the best of Sporcle when you Go Orange. This ad-free experience offers more features, more stats, and more fun while also helping to support Sporcle. Thank you for becoming a member.

You're not logged in!

Compare scores with friends on all Sporcle quizzes.
OR
Log In

Show Comments

Extras

Top Quizzes Today


Score Distribution

Your Account Isn't Verified!

In order to create a playlist on Sporcle, you need to verify the email address you used during registration. Go to your Sporcle Settings to finish the process.

Report this User

Report this user for behavior that violates our Community Guidelines.

Details: